Vehicle Classification. (Record no. 68288)

MARC details
000 -LEADER
fixed length control field 00452nam a22001457a 4500
082 ## - DEWEY DECIMAL CLASSIFICATION NUMBER
Classification number R/2CS18
100 ## - MAIN ENTRY--AUTHOR NAME
Personal name Sagar Kumar Anbani
-- 18CS32
-- Supervisor - Prof. Dr. Fareed Ahmed Jokhio
245 ## - TITLE STATEMENT
Title Vehicle Classification.
260 ## - PUBLICATION, DISTRIBUTION, ETC. (IMPRINT)
Place of publication Nawabshah
Name of publisher QUEST
Year of publication 2021
300 ## - PHYSICAL DESCRIPTION
Number of Pages 45p.
700 ## - ADDED ENTRY--PERSONAL NAME
Personal name Wajid Hussain Abro (Roll No. 18CS31)
700 ## - ADDED ENTRY--PERSONAL NAME
Personal name Syed Sajid Ali Shah (Roll No. 18CS06)
700 ## - ADDED ENTRY--PERSONAL NAME
Personal name Ali Asghar Urf Aamir (Roll No. 18CS10)
942 ## - ADDED ENTRY ELEMENTS (KOHA)
Koha item type Thesis and Dissertation
Holdings
Withdrawn status Lost status Home library Current library Date acquired Full call number Accession Number Koha item type
    Research Section Research Section 23/10/2023 R/2CS18 18CS-T205 Thesis and Dissertation